Japan pole reflector metas - Statistics

General Stats
  • This quiz has been taken 47 times
  • The average score is 5 of 7
Answer Stats
Picture Answer % Correct
Tohoku
94%
Shikoku
81%
Chubu
77%
Kansai
71%
Chugoku
68%
Hokuriku
65%
Kyushu and Okinawa
32%
No matching quizzes found
Score Distribution
Percent of People with Each Score
Percentile by Number Answered
Your Score History
You have not taken this quiz